New York, North Carolina, North Dakota (Record no. 989)

MARC details
000 -LEADER
fixed length control field 00327nam a22001097a 4500
008 - FIXED-LENGTH DATA ELEMENTS--GENERAL INFORMATION
fixed length control field 160627b xxu||||| |||| 00| 0 eng d
100 ## - MAIN ENTRY--PERSONAL NAME
9 (RLIN) 1214
Personal name American Heritage Magazine
245 ## - TITLE STATEMENT
Title New York, North Carolina, North Dakota
260 ## - PUBLICATION, DISTRIBUTION, ETC. (IMPRINT)
Place of publication, distribution, etc. NEW YOORK
Name of publisher, distributor, etc. DELL
Date of publication, distribution, etc. 1965
300 ## - PHYSICAL DESCRIPTION
Extent New York, North Carolina, North Dakota
942 ## - ADDED ENTRY ELEMENTS (KOHA)
Source of classification or shelving scheme Dewey Decimal Classification
Koha item type BOOK
Holdings
Withdrawn status Lost status Source of classification or shelving scheme Damaged status Not for loan Home library Current library Shelving location Date acquired Total Checkouts Full call number Barcode Date last seen Price effective from Koha item type
    Dewey Decimal Classification     Good Samaritan School Library Good Samaritan School Library History 06/27/2016   DEL903 D-2 DEL1641 06/27/2016 06/27/2016 Reference

Powered by Koha